00833cam a22002291 450000100060000000300080000600500170001400800390003103500140007004000230008404100080010708200180011510000350013324501430016825000210031126000900033230000210042249000490044350500680049265000120056070000310057230202BD-RjUL20211209051529.0140409s19501932enk 000 0 eng a(BD-RjUL) aDLCcDLCdDLCbeng aeng a170bHAE 19501 aHartmann, Nicolai,d1882-1950.10aEthics /cby Nicolai Hartmann ; translated by Stanton Coit (authorized version) introduction by J. H. Muirhead ...nV-1 .pMoral Phenomena a2 nd. impression aLondon :bG. Allen & Unwin Ltd. ;aNew York :bMacmillan Co.cC1932 [impression 1950] a343 p. ;c22 cm.0 aLibrary of philosophy, ed. by J. H. Muirhead0 aI. Moral phenomena. -- II. Moral values. -- III. Moral freedom. 0aEthics.1 aCoit, Stanton,d1857-1944.